[Event "FIDE World Cup"]
[Site "Khanty-Mansiysk"]
[Date "2005.12.02"]
[Round "2.4"]
[White "Eljanov, Pavel"]
[Black "Gurevich, Mikhail"]
[Result "0-1"]
[WhiteElo "2663"]
[BlackElo "2652"]
[Annotator "Gurevich,M"]
[PlyCount "80"]
[EventDate "2005.11.27"]
[EventType "k.o."]
[EventRounds "7"]
[EventCountry "RUS"]
[SourceTitle "CBM 111"]
[Source "ChessBase"]
[SourceDate "2006.04.04"]
[SourceVersion "1"]
[SourceVersionDate "2006.04.04"]
[SourceQuality "1"]

1. d4 d6 2. Nf3 g6 3. c4 f5 4. g3 Bg7 5. Bg2 Nf6 6. O-O O-O 7. Nc3 Qe8 8. Re1
Qf7 9. b3 Ne4 10. Bb2 Nc6 (10... Nxc3 11. Bxc3 Nc6 12. Rc1 e5 13. d5 Nd8 14. c5
Qe7 15. cxd6 cxd6 16. Bb4 Nf7 17. Nd2 a5 18. Bc3 b5 19. Rc2 Bd7 $132 {1-0
Ernst,S-Koch,W/Germany 2004/PowerBook2005 (41)}) 11. Rc1 e5 12. d5 Nb4 $5 13.
a3 Nxc3 14. Rxc3 (14. Bxc3 Na2 $17) 14... Na6 15. b4 e4 $1 (15... Qe7 {-74/89})
16. Nd4 Bd7 {[/\17...c5<=>[+]]} 17. f3 (17. Rc1 $5 c5 18. dxc6 bxc6 19. Qd2 (
19. Qa4 Nc7 20. Qa5 Rfc8 $5 $132) 19... Nc7 $5 $132) 17... c5 $1 (17... f4 $6
18. fxe4 fxg3 19. Rxg3 $14) 18. dxc6 bxc6 {[/\19...c5;Na6-c7-e6<=>]} 19. fxe4
fxe4 20. Rf1 Qe7 21. Nc2 $5 {[/\Nc2-e3]} Rxf1+ (21... Bxc3 22. Rxf8+ Rxf8 23.
Bxc3 $44) 22. Qxf1 Rf8 23. Qe1 Nc7 $1 {[/\Nc7-e6-g5-h3|^>>]} 24. Rb3 Bxb2 25.
Rxb2 Ne6 26. Ne3 (26. Bxe4 Ng5 27. Bg2 Bh3 $1 $40 28. e4 (28. Bxh3 Nxh3+ 29.
Kg2 Qe5 $1 30. Rb3 Rf2+ 31. Kxh3 Qh5#) 28... Nf3+ $19) 26... Ng5 27. h4 Qe5 $1
{[/\Ng5-e6-d4,c6-c5|^]} 28. Rc2 (28. Nd1 Nh3+ $1 29. Kh2 Nf2 $40) 28... Ne6 $17
29. Ng4 (29. Bh3 Bc8 $5 $17 {(/\30...Nd4)}) 29... Qh5 30. Ne3 Nd4 31. Rd2 Qe5
32. Kh2 g5 $1 33. h5 (33. hxg5 Qxg5 34. Rxd4 Qh6+ 35. Kg1 Qxe3+ $19) (33. Bh3
Bxh3 34. Kxh3 Nf5 $1 35. Nxf5 (35. Ng4 Qe6 $19) 35... g4+ 36. Kh2 (36. Kg2 Rxf5
37. Qd1 e3 38. Rxd6 Rf2+) 36... Rxf5 $19) 33... c5 {[xd4;/\34...g4,35...Qxh5]}
(33... g4 34. Kg1 Be6 $19) 34. bxc5 dxc5 35. Nd5 Bg4 $1 $19 (35... g4 36. Nf4)
36. Ne3 $138 (36. h6 Qe6 37. Kg1 Bh3 $40) 36... Bxh5 37. Nf1 Bf7 38. Qb1 e3 39.
Ra2 (39. Rd3 Bg6) 39... Bxc4 40. Rb2 g4 0-1

[Event "Metz op 22nd"]
[Site "Metz"]
[Date "2004.04.??"]
[Round "?"]
[White "Gurevich, Mikhail"]
[Black "Bauer, Christian"]
[Result "1-0"]
[WhiteElo "2656"]
[BlackElo "2599"]
[Annotator "Gurevich,M"]
[PlyCount "183"]
[EventDate "2004.04.10"]
[EventType "swiss"]
[EventRounds "9"]
[EventCountry "FRA"]
[SourceTitle "CBM 100"]
[Source "ChessBase"]
[SourceDate "2004.06.01"]
[SourceVersion "1"]
[SourceVersionDate "2004.06.01"]
[SourceQuality "1"]

1. c4 c5 2. Nf3 g6 3. d4 Bg7 4. d5 f5 5. g3 Nf6 6. Nc3 d6 7. Bg2 O-O 8. O-O Na6
9. Rb1 (9. Re1 h6 10. e4 fxe4 11. Nxe4 Nxe4 12. Rxe4 Bf5 13. Nh4 Bxe4 14. Bxe4
g5 15. Nf5 Rxf5 16. Bxf5 Qf8 17. Be4 Bd4 {1/2-1/2 Izoria,Z-Horvath,C/Rethymnon
2003/CBM 98 no vc (17)}) 9... Nc7 10. a3 (10. a4 h6 11. b3 e5 12. dxe6 Bxe6 13.
Bb2 a6 14. Qd3 Qd7 15. a5 Rad8 16. Na4 Qf7 17. Rbd1 g5 18. Nd2 Ng4 19. Bxg7
Qxg7 20. Bxb7 Ne5 21. Qc3 $16 {1/2-1/2 Rogozenko,D-Bauer,C/Kreuzberg GER 2004/
The Week in Chess 496 (76)}) 10... a5 11. b3 $5 {TN} Rb8 (11... e5 12. dxe6
Nxe6 13. Qd3 $14) 12. b4 $5 (12. a4 e5 13. dxe6 Bxe6 (13... Nxe6) 14. Ng5 (14.
Bf4 Nh5) 14... Qe7 (14... Re8 15. Nxe6 $14) 15. Bf4 $14) 12... axb4 13. axb4
cxb4 14. Rxb4 Na6 15. Rb1 Bd7 (15... Qc7 16. Nd2 Bd7 17. Nb5 $14) 16. Be3 Qc7
17. Nd2 Ng4 $5 18. Bb6 Qc8 19. Nb5 Ra8 (19... f4 $5 20. Na7 Qe8 21. Ne4 h6 $132
) 20. e3 g5 21. Qe2 Qe8 22. h3 Nf6 (22... Ne5 23. f4 gxf4 (23... Nf7 24. Qh5)
24. exf4 $16) 23. Nf3 $6 (23. Bd4 $5 $14 {(н/\24.Nc3|^<<]}) 23... Ne4 24. Nfd4
(24. Rfc1 $5 {(н/\25.Bd4)}) (24. Bd4 $5 Qg6 (24... Bxb5 25. Rxb5 Bxd4 26. exd4)
25. Rfc1 Nac5 26. Qc2 Rfc8) 24... Qg6 25. Rfc1 Rac8 $13 26. Qc2 Nec5 27. Bxc5
$6 (27. Ne2 $142 {(텥b6-a5-c3)}) 27... Nxc5 28. Nc3 f4 $6 $138 (28... Qf6 $5 {
(н/\29...f4)}) 29. Qxg6 hxg6 30. g4 fxe3 31. fxe3 Nd3 32. Rd1 Ne5 (32... Nf2
33. Rd2 Rxc4 34. Rxf2 Rxc3 35. Rxb7 $11) 33. Rxb7 Rxc4 (33... Nxc4 $2 34. Rxd7
Nxe3 35. Nc6 $16) 34. Ne4 Rfc8 35. Nc6 $1 Bxc6 36. dxc6 R4xc6 37. Rxe7 Rc1 38.
Rxc1 (38. Re8+ Rxe8 39. Rxc1 Nf7 40. Rc7 $14) 38... Rxc1+ 39. Kf2 Rc2+ 40. Kf1
Kf8 $6 (40... Rc1+ 41. Kf2 Rc2+ 42. Kg1 Rc1+ 43. Bf1 d5 $132) 41. Re6 Rc1+ 42.
Kf2 Rc2+ 43. Kg1 Rc1+ 44. Bf1 $1 Rc2 (44... d5 45. Nxg5 Nc6 46. Rxg6 $18) 45.
Bb5 Nf3+ 46. Kf1 $14 Nd2+ 47. Nxd2 Rxd2 48. Rxg6 Rh2 49. Rxd6 Rxh3 50. Ke2 Rg3
51. Bd7 Ke7 52. Rd1 Be5 53. Bf5 Bd6 54. Rd5 Rg1 55. Rb5 Rc1 56. Kd2 Rc5 57. Rb1
Re5 58. Kd3 Bc5 59. Be4 Kf6 60. Rf1+ Kg7 61. Rf3 Bb6 62. Rh3 Bc5 63. Bc6 Re6
64. Bd5 Re5 65. Be4 Kf6 66. Rf3+ Kg7 67. Bc6 Bb6 68. e4 Ra5 (68... Bc5 $142)
69. Rf1 Bc7 70. Rb1 Bf4 71. Bd5 Ra3+ 72. Kd4 Ra4+ $138 73. Bc4 $1 $18 {[н/\74.
Rb5,75.e5]} Ra5 74. Rb7+ Kf6 75. Rf7+ Kg6 76. Re7 Kf6 77. Re6+ Kg7 78. e5 Kf8
79. Ke4 Ra4 80. Rc6 Ke7 81. Kf5 Ra5 82. Re6+ Kd8 83. Kf6 Rc5 84. Bd3 Rd5 85.
Be4 Rc5 86. Bg6 Rb5 87. Re8+ Kc7 88. Re7+ Kd8 89. e6 Be5+ 90. Kf7 Rb6 91. Rd7+
Kc8 92. Bf5 1-0

[Event "Antwerp op"]
[Site "Antwerp"]
[Date "1996.??.??"]
[Round "6"]
[White "Van der Sterren, Paul"]
[Black "Gurevich, Mikhail"]
[Result "0-1"]
[WhiteElo "2510"]
[BlackElo "2605"]
[Annotator "Gurevich,M"]
[PlyCount "100"]
[EventDate "1996.07.??"]
[EventType "swiss"]
[EventRounds "9"]
[EventCountry "BEL"]
[SourceTitle "EXT 1997"]
[Source "ChessBase"]
[SourceDate "1996.11.15"]
[SourceVersion "1"]
[SourceVersionDate "1996.11.15"]
[SourceQuality "1"]

1. d4 f5 2. g3 Nf6 3. Bg2 g6 4. c4 Bg7 5. Nc3 O-O 6. Nf3 d6 7. O-O Qe8 8. d5
Na6 9. Rb1 c6 10. dxc6 bxc6 11. b4 Bd7 12. a3 Nc7 13. Bb2 Ne6 14. e3 Rb8 $5 {TN
} (14... Nd8 {-65/(81)}) (14... Qf7 15. c5 Ne4 16. Nxe4 fxe4 17. Nd2 Ng5 18.
Nxe4 Nxe4 19. Bxe4 Bh3 20. Bxg7 Kxg7 21. Qd4+ e5 22. Qxd6 Bxf1 23. Rxf1 $16 {
0-1 Van der Sterren,Paul-Reinderman,Dimitri/Amsterdam ch-NL (05) 1995 (66)})
15. Qe2 a5 $5 16. Ba1 (16. bxa5 Ra8 $132) 16... axb4 17. axb4 Qf7 18. Nd2 (18.
c5 Rfd8 $5 (18... dxc5 19. Ne5 Qe8 20. bxc5 Rxb1 21. Rxb1 $16 Nxc5 22. Qc4+ Ne6
23. Bxc6 $18) 19. cxd6 exd6 $10) 18... Rfc8 19. Na4 Rc7 {[/\20...Ra7]} 20. c5
Ra7 21. Nb6 Be8 (21... d5 22. Be5 Rbb7 23. Nb3 $36) 22. Ndc4 Qf8 (22... dxc5
23. Ne5 Qf8 24. Qc4 $36 (24. bxc5 $14)) 23. Qc2 dxc5 24. bxc5 Nxc5 25. Ne5 Nce4
26. Bxe4 Nxe4 27. Nxc6 Rc7 $2 (27... Bxc6 28. Qxc6 Bxa1 29. Rxa1 (29. Nd7 Rxd7
$19) 29... Rxa1 30. Rxa1 Qf6 $10) 28. Bxg7 Qxg7 29. Qc4+ $1 Bf7 (29... Kh8 30.
Nxb8 Rxc4 31. Nxc4 $14) 30. Nd5 Re8 $2 (30... Rxb1 31. Rxb1 $36 (31. Ncxe7+ Kh8
32. Qxc7 Rxf1+ 33. Kxf1 Qb2 34. Qf4 Bxd5 35. Nxd5 Qb5+ $19)) 31. Ncxe7+ Rcxe7 (
31... Rexe7 32. Nxe7+ Rxe7 33. Rb8+ $18) 32. Nxe7+ Kf8 33. Qb4 $2 $138 (33. Nd5
$18) 33... Rxe7 34. Rfc1 Qe5 $15 35. Ra1 Kg7 36. Ra5 Qe6 37. Ra6 Qd7 38. Qb2+
Kh6 39. Qb8 Re8 40. Qf4+ Kg7 41. Rc7 $2 (41. Rac6 Qd5 $36 {(/\42...Nd2)}) 41...
Qd1+ 42. Kg2 Kg8 $1 (42... Nd2 43. Qd4+ Kg8 44. Ra1 Qf3+ 45. Kg1 Ne4 (45... Nb3
46. Qd7 $132) 46. Ra2 Ng5 $40) 43. Raa7 Nd2 44. h4 (44. g4 Qf1+ 45. Kg3 Ne4+
46. Kh4 (46. Qxe4 Rxe4 47. Rxf7 Rxg4+ 48. Kf3 Qd1#) 46... g5+ $19) 44... Bd5+
45. e4 {[#]} Rxe4 $1 (45... Bxe4+ $2 46. Qxe4 Qf1+ (46... Nxe4 47. Rg7+ Kh8 48.
Rxh7+ $10) 47. Kh2 Qxf2+ 48. Qg2 Nf3+ 49. Kh3 Ng1+ 50. Qxg1 Qxg1 51. Rg7+ $10)
46. Rg7+ (46. Kh2 Qh1+ $1 47. Kxh1 Re1+ 48. Kh2 Rh1#) 46... Kf8 47. Qd6+ (47.
Rgf7+ Bxf7 48. Qd6+ Kg8 $19) 47... Re7+ 48. Qxd5 Qf1+ 49. Kh2 Qxf2+ 50. Kh3 (
50. Qg2 Qxg2+ 51. Kxg2 Rxg7 $19) 50... Qf1+ (50... Qf1+ 51. Qg2 (51. Kh2 Re2+
$19) 51... Qxg2+ 52. Kxg2 Rxg7 $19) 0-1

[Event "Vlissingen HZ op 02nd"]
[Site "Vlissingen"]
[Date "1998.07.15"]
[Round "5"]
[White "Chuchelov, Vladimir"]
[Black "Gurevich, Mikhail"]
[Result "0-1"]
[WhiteElo "2545"]
[BlackElo "2635"]
[Annotator "Gurevich,M"]
[PlyCount "182"]
[EventDate "1998.07.??"]
[EventType "swiss"]
[EventRounds "7"]
[EventCountry "NED"]
[SourceTitle "CBM 066"]
[Source "ChessBase"]
[SourceDate "1998.09.30"]
[SourceVersion "1"]
[SourceVersionDate "1998.09.30"]
[SourceQuality "1"]

1. Nf3 d6 2. d4 f5 3. g3 Nf6 4. Bg2 g6 5. O-O Bg7 6. c4 O-O 7. Nc3 Qe8 8. b3 e5
9. dxe5 dxe5 10. e4 Nc6 11. Nd5 Qd7 12. Ba3 (12. Nxf6+ Bxf6 13. Qxd7 Bxd7 14.
Bb2 $5 {TN} Rad8 (14... fxe4 15. Nd2 Nd4 16. Nxe4 $14) 15. Rfe1 Kg7 $5 (15...
Rfe8 16. Rad1 $14) 16. exf5 (16. Rad1 fxe4 17. Rxe4 Bf5 18. Ree1 e4 19. Bxf6+
Kxf6 20. Nh4 Nb4 $132) 16... Bxf5 17. Bxe5 (17. Nxe5 $5 Rd2 18. Bc3 Rc2 19.
Bxc6 Rxc3 (19... bxc6 20. Bd4 $16) 20. Bxb7 Rc2 $132) 17... Nxe5 18. Nxe5 Rd2
19. Bxb7 Bh3 $44 20. f4 Rfd8 21. Bf3 Be7 22. Rad1 Bc5+ 23. Kh1 Bg2+ 24. Bxg2
Rxd1 25. Rf1 Rxf1+ 26. Bxf1 Rd1 27. Kg2 Rd2+ 28. Kh3 Rxa2 29. Nd3 Bg1 30. Bg2
Ra3 {0-1 Goormachtig,J-Gurevich,M/Antwerpen Lost Boys 1998 (30)}) 12... Rd8 13.
exf5 e4 14. Ng5 gxf5 15. Rb1 $5 {TN} h6 $5 (15... Nxd5 $6 16. cxd5 Qxd5 $2 17.
Qh5 h6 18. Rfd1 $1 (18. Rbd1 Nd4 19. Rxd4 Qxd4 (19... Bxd4 20. Qg6+ Bg7 21.
Qh7#) 20. Qf7+ Kh8 $17) 18... Nd4 19. Rxd4 $1 Qxd4 20. Qf7+ Kh8 21. Bb2 Qxb2
22. Rxb2 hxg5 23. Qh5+ Kg8 24. Bf1 $1 $16) 16. Nxf6+ Bxf6 17. Qxd7 (17. Nh3 Qf7
18. Qc1 Qg7 19. Nf4 Nd4 $13) 17... Rxd7 $5 (17... Bxd7 18. Nh3 Nd4 19. Nf4 Bc6
$13) 18. Ne6 Kf7 19. Nf4 Rd2 20. Nd5 Be5 21. Bc1 (21. f4 exf3 22. Bxf3 Rxa2 $17
) 21... Rxa2 22. Bxh6 Be6 23. Bf4 Bxf4 24. Nxf4 Nd4 25. Rfe1 Bd7 $6 (25... Rd8
$5 26. Ra1 (26. Red1 Ne2+ 27. Nxe2 Rxd1+ 28. Rxd1 Rxe2 $17) 26... Rxa1 27. Rxa1
a6 $15) 26. b4 Rd8 27. Ra1 Rxa1 28. Rxa1 a6 29. Nd5 Be6 30. Ne3 Nb3 31. Rb1 Nd2
32. Rd1 Kf6 33. h4 Ke5 34. Ra1 Rd4 35. Nc2 Rd7 36. c5 Bb3 37. Rc1 Rd3 38. Ne3
Rd4 39. Bh3 Be6 40. c6 b6 41. h5 Rxb4 42. h6 Rd4 43. h7 Rd8 44. Rd1 Nf3+ 45.
Kg2 Rh8 46. Bxf5 Bxf5 47. Rd5+ Ke6 48. Rxf5 Rxh7 49. Rf4 Rh2+ 50. Kf1 Kd6 51.
Ke2 Nd4+ 52. Kf1 Nxc6 53. Rxe4 b5 54. Ke2 a5 55. g4 a4 56. g5 a3 57. Re8 a2 58.
Ra8 Nd4+ 59. Kd3 Nb3 60. g6 Rh1 61. g7 Rg1 62. Nf5+ Kc6 63. Ng3 Nc5+ 64. Ke2
Na4 65. g8=Q a1=Q 66. Ra6+ Kc5 67. Qf8+ Kc4 68. Rc6+ Kb3 69. Qf7+ Ka3 70. Qf3+
Kb4 71. Qf4+ Kb3 72. Qf7+ Ka3 73. Qf3+ Ka2 74. Qd5+ Ka3 75. Qd3+ Kb4 76. Ne4
Qf1+ 77. Ke3 Qxd3+ 78. Kxd3 Rg7 79. f4 Nb2+ 80. Kc2 Nc4 81. Kd3 Rd7+ 82. Ke2
Na5 83. Re6 Nb3 84. Ke3 c5 85. f5 Nd4 86. Rb6 Nxf5+ 87. Kf4 Nd4 88. Ke3 c4 89.
Rb8 Nc2+ 90. Ke2 c3 91. Rc8 Nd4+ 0-1

[Event "Dortmund SuperGM 42nd"]
[Site "Dortmund"]
[Date "2014.07.12"]
[Round "1"]
[White "Baramidze, David"]
[Black "Caruana, Fabiano"]
[Result "0-1"]
[WhiteElo "2616"]
[BlackElo "2789"]
[Annotator "Havasi,G"]
[PlyCount "150"]
[EventDate "2014.07.12"]
[EventType "tourn"]
[EventRounds "7"]
[EventCountry "GER"]
[EventCategory "19"]
[SourceTitle "CBM 162"]
[Source "ChessBase"]
[SourceDate "2014.09.17"]
[SourceVersion "1"]
[SourceVersionDate "2014.09.17"]
[SourceQuality "1"]

1. d4 f5 2. g3 Nf6 3. Bg2 d6 4. Nf3 g6 5. O-O Bg7 6. c4 O-O 7. Nc3 Qe8 {
This is one of the tabiya positions of this system. White has a plenty of
interesting tries. The three most popular moves are: 8.Re1, 8.b3, 8.d5; each
of them involves a different plan.} 8. Re1 ({Kasimdzhanov played} 8. b3 {
and after} Nc6 9. Ba3 Ne4 10. Rc1 Nxc3 11. Rxc3 f4 12. Qd2 fxg3 13. hxg3 Bg4
14. d5 $1 Nd8 (14... Bxc3 15. Qxc3 $16) 15. Nd4 c5 16. dxc6 bxc6 17. Re3 $1 $16
{easily got the better of things in the game Kasimdzhanov-Malaniuk, Trzcianka
2014.}) 8... Qf7 9. b3 (9. e4 $5 fxe4 10. Ng5 Qxc4 11. Ngxe4 Nxe4 12. Rxe4 Qf7
13. Rf4 Bf6 14. Nd5 g5 (14... Na6 15. Qb3 Kg7 16. Nxf6 exf6 17. Bd5 $16 {
Bacrot-Pruijssers, Bremen 2012}) 15. Rf3 c6 16. Nc7 Bg4 17. Nxa8 Na6 18. d5 c5
19. Rxf6 Qxf6 20. Qd2 h6 21. f4 $1 gxf4 22. Qxf4 Qxf4 23. Bxf4 $16 {
Gelfand-Svidler, Jerusalem 2014. I guess, that Gelfand's preparation could
finish here. White has a clear advantage, although he couldn't win the game.})
9... Ne4 {This is Black's plan. He activates his N and prepares for ...Nc6
followed by ...e5.} 10. Qc2 (10. Bb2 {is the most popular move.}) 10... Nc6 11.
Be3 Nxc3 12. Qxc3 e5 {I guess Caruana was happy with the outcome of the
opening, as it seems like Black has achieved everything he could hope for.} (
12... h6 $5 {is one of the recommendations of the computer and indeed it makes
sense, because g5 would be a very good attacking move, which would be
unpleasant for the e3 B.}) 13. d5 $146 {This the first novelty in the game.} (
13. dxe5 dxe5 $36 {Krutti-Hoang, Budapest 1993; and Black has a dangerous
initiative, because his centre is ready for advancing and White's pieces are
hanging in mid air.} ({Of course not} 13... Nxe5 $6 14. Nxe5 Bxe5 15. Bd4 Bxd4
16. Qxd4 $14 {with a pleasant position for White because of the better P
structure, B and Q.})) 13... Nb8 $1 {Caruana prefers to go away with the N and
keep all of his possibilities open} ({The computer suggests} 13... e4 {, but I
understand that Caruana didn't want to commit himself to this move as the
resulting position seems drawish.} 14. Nd4 f4 (14... Nxd4 15. Bxd4 Bxd4 16.
Qxd4 {is drawish}) (14... Ne5 15. Rad1 {and somehow Black doesn't have much in
the way of attacking chances} h6 16. f3 $1 {is the tactical refutation.}) 15.
gxf4 (15. dxc6 fxe3 16. fxe3 (16. Qxe3 bxc6 17. Bxe4 Bb7 {and despite being a
pawn up, White's only continuation is} 18. Ne6 $1 d5 $1 (18... Qxe6 $2 19. Bd5
$1 $18) 19. Nxf8 dxe4 20. Nxh7 Bxa1 (20... Kxh7 21. Rad1 Qe7 22. c5 Re8 $132)
21. Ng5 Qf6 22. Rd1 c5 23. Nxe4 Qc6 24. Rxa1 Qxe4 25. Qxe4 Bxe4 26. f3 Bc6 27.
Rd1 g5 28. Kf2 {and White should hold.}) 16... bxc6 17. Rf1 Qe8 18. Rxf8+ Bxf8
{isn't so clear.}) 15... Nxd4 16. Bxd4 Bxd4 17. Qxd4 Qxf4 18. Rf1 Bg4 19. Qxe4
Qxe4 20. Bxe4 Bxe2 21. Rfe1 {and despite the weakened structure, White easily
holds the position .}) (13... f4 $5 14. dxc6 (14. Ng5 Qe8 15. dxc6 (15. Bd2 Nd4
$132) 15... fxe3 16. Qxe3 bxc6 {- 14.dxc6}) 14... fxe3 15. Qxe3 bxc6 16. Ng5
Qe8 $13 {In this unclear position I prefer Black because of his flexible
structure and B pair.}) 14. Rac1 (14. Qd2 Qe7 $5 (14... Nd7 15. Ng5 $1) 15.
Rac1 Nd7 16. b4 Nf6 $13) 14... h6 (14... Na6 {is also possible.}) 15. c5 Na6 $1
{Caruana's move is the best. He prepares for ...g5, which doesn't work here.
It is worth mentioning, that with this move Black is threatening to play ...e4
or ...f4.} (15... g5 $2 {would be a terrible mistake, as} 16. cxd6 cxd6 17.
Qxc8 $1 Rxc8 18. Rxc8+ $18 {is winning for White, because Black's pieces are
hopelessly restricted.}) (15... e4 16. Nd4 Qxd5 17. cxd6 cxd6 18. Red1 $36 {
would be good for White, as the P isn't worth the open files.}) 16. cxd6 cxd6
17. h4 (17. Nd2 b6 $1 {Defending the a5-square and restricticting the d2 N.We
can understand this move from the 17...g5 line.} (17... g5 18. Nc4 Rd8 19. Na5
f4 20. Bd2 {Is a bit unpleasant for Black.}) 18. Nc4 Rd8 19. Qd2 Kh7 $132 {
with a very pleasant position for Black.}) 17... Bd7 (17... e4 18. Nd4 Qxd5 19.
Red1 Bd7 20. Qe1 Rfc8 $13) 18. Qd2 Kh7 19. Red1 b6 $1 {If you saw the 17.Nd2
line, you can understand this move. It's the same, but the restricted piece is
the Q.} 20. Ne1 Rac8 (20... Nc5 {is also good.}) 21. Nd3 Nc5 22. Nb2 Qe7 (22...
f4 23. gxf4 exf4 24. Bd4 Qe7 25. Bxg7 Kxg7 $15) 23. b4 Na4 (23... Na6 $5 {
also deserved attention, not exchanging White's worst piece.}) 24. Nxa4 Bxa4
25. Rxc8 Rxc8 26. Rc1 Qd7 27. Rxc8 Qxc8 {The position is very pleasant for
Black, but the only question is whether he can win the position or not.} 28.
Qc1 Qxc1+ (28... Qa6 29. Qc7 $1) (28... Qc2 $5 {was possible, but after} 29.
Qxc2 Bxc2 30. Bc1 Bf6 31. f3 g5 32. hxg5 hxg5 33. Kf2 Kg6 {there is only a
more pleasant position for Black, but nothing more.}) 29. Bxc1 Bc2 (29... e4
30. f3 $11) 30. f3 Bf6 31. Kf2 Kg7 (31... g5 32. hxg5 hxg5 33. g4 f4 34. e4 $11
) 32. e4 f4 33. Bh3 $1 {Activating the B.} h5 34. Bd7 g5 35. hxg5 (35. Be8 Kh6
36. a3 $11) (35. Kg2 $11) 35... Bxg5 36. Kg2 (36. gxf4 Bxf4 37. Bxf4 exf4 38.
Be8 h4 39. Bd7 $11) 36... Kf6 37. g4 $2 {And White can't withstand the
pressure.} (37. gxf4 $1 Bxf4 (37... exf4 38. Be8) 38. Bxf4 exf4 39. Be8 Kg5 40.
a3 {and draw.}) 37... h4 38. Bb5 {White would be fine if it were his move,
because he could defend the f3 P by Be2, but now comes the decisive move.} Bd1
$1 39. Bd3 h3+ $1 40. Kxh3 Bxf3 $17 {White's Ps are so weak, that Black is
almost winning, the rest is a matter of technique.} 41. b5 Bh6 42. Kh4 Kg6 43.
Bd2 Bf8 44. Be1 Bg2 45. g5 Bf3 46. a4 Be7 47. a5 Bxg5+ 48. Kh3 Kf7 49. axb6
axb6 50. Bf2 Bd8 51. Bg1 Kg6 52. Bf2 Kh5 53. Bg1 Bd1 54. Kg2 Kg4 55. Kf1 Kg3
56. Bf2+ Kh2 57. Bg1+ Kh1 58. Bf2 Bh5 59. Bg1 Bg4 60. Bf2 Bf3 61. Ke1 Kg2 62.
Bf1+ Kh2 63. Bd3 Bh5 64. Kf1 Bg6 65. Bc2 Kh3 66. Kg1 Kg4 67. Kf1 Kh3 68. Kg1
Kg4 69. Kf1 f3 70. Be1 f2 71. Bxf2 Kf3 72. Bd1+ Kf4 73. Bb3 Be8 74. Bc4 Kxe4
75. Ke2 Bh5+ 0-1

[Event "Madrid Magistral 6th"]
[Site "Madrid"]
[Date "1997.05.29"]
[Round "7"]
[White "San Segundo Carrillo, Pablo"]
[Black "Beliavsky, Alexander G"]
[Result "0-1"]
[WhiteElo "2505"]
[BlackElo "2665"]
[Annotator "Hecht,H"]
[PlyCount "226"]
[EventDate "1997.06.??"]
[EventType "tourn"]
[EventRounds "9"]
[EventCountry "ESP"]
[EventCategory "17"]
[SourceTitle "CBM 059"]
[Source "ChessBase"]
[SourceDate "1997.08.01"]
[SourceVersion "1"]
[SourceVersionDate "1997.08.01"]
[SourceQuality "1"]

1. d4 d6 2. c4 f5 3. Nf3 Nf6 4. g3 g6 5. Bg2 Bg7 6. b3 O-O 7. Bb2 Qe8 8. O-O h6
9. Nbd2 g5 10. Qc2 Qh5 11. Rae1 a5 12. Bc3 f4 13. d5 Na6 14. Ne4 Bf5 15. Nxf6+
Bxf6 16. Qb2 Nc5 17. Bxf6 Rxf6 18. Nd4 Bd7 19. Qc3 Qg6 20. f3 Rf7 21. Rf2 Qf6
22. e3 e5 23. dxe6 Nxe6 24. Rd2 Re8 25. exf4 gxf4 26. Qd3 Nc5 27. Rxe8+ Bxe8
28. Qf1 Bd7 29. Qf2 h5 30. Rd1 Rg7 31. Ne2 fxg3 32. hxg3 Bc6 33. Qd4 Qh6 34.
Qf4 Qxf4 35. Nxf4 Rxg3 36. Kf2 Rg5 37. Rh1 Be8 38. Bf1 Bf7 39. Be2 Kg7 40. Bd1
Kf6 41. Bc2 c6 42. Rd1 Ke7 43. Rh1 Ne6 44. Ne2 b5 45. f4 Rc5 46. Bd3 bxc4 47.
Bxc4 a4 48. Ke3 axb3 49. axb3 Ra5 50. Nd4 Nxd4 51. Kxd4 Rf5 52. Ke4 Bg6 53. Kf3
Rf6 54. Ke3 Rf8 55. Rh4 Rh8 56. Kd4 Kf6 57. b4 Rb8 58. Kc3 Re8 59. b5 d5 60.
Bb3 Re3+ 61. Kb2 cxb5 62. Bxd5 Be8 63. Bb3 Kg6 64. Bd1 Kh6 65. Rh2 Re4 66. Rh4
Bg6 67. Bb3 Be8 68. Kc3 b4+ 69. Kd3 Bg6 70. Kd2 Rd4+ 71. Kc1 Be8 72. Be6 Ba4
73. Bg4 Rd5 74. Bf3 Rc5+ 75. Kb2 Be8 76. Bxh5 Bxh5 {Und noch einmal T vs T+L,
und diesmal gewinnt das Gespann! Wie es den Anschein hat, spielte General Zeit
die wohl entscheidende Rolle!!} 77. Kb3 Rb5 78. f5 Kg5 79. Rxb4 Bf7+ 80. Kc3
Rxf5 81. Kd3 Rf3+ 82. Kd2 Kf5 83. Rd4 Ke5 84. Rh4 Bd5 85. Rb4 Be4 86. Rb5+ Kf4
87. Rb8 Rd3+ 88. Ke2 Rc3 89. Rb2 Rh3 90. Kd2 Rd3+ 91. Ke2 Rd4 92. Ke1 Bf3 93.
Kf2 Rc4 94. Ke1 Rd4 95. Kf2 Re4 96. Rd2 Re3 97. Rb2 Be4 98. Rb8 Rc3 99. Rb2 Rh3
100. Ke1 Rd3 101. Rd2 Re3+ 102. Kd1 Rb3 103. Ke1 Bf3 104. Kf2 Rb1 105. Rd4+ Be4
106. Rd2 Rh1 107. Ke2 Rh3 108. Rd8 Rh2+ 109. Kd1 Ke3 110. Rb8 $4 (110. Kc1 Rc2+
111. Kd1 Rb2 (111... Rc3 112. Re8 $11) 112. Rc8 $11 {siehe z.B. "Secrets of
pawnless endings" von J.Nunn, Seite 214, Diagramm 316, oder arbeiten Sie mit
der ENDSPIEL-CD!}) 110... Rd2+ (110... Rh1# {Möglicherweise drohte das
Fallbeil...?!}) 111. Kc1 Rc2+ 112. Kd1 Rc3 113. Rb2 $4 (113. Re8 $11) 113...
Bf3+ 0-1